<?xml version="1.0" encoding="UTF-8"?>
<record
    xmlns:xsi="http://www.w3.org/2001/XMLSchema-instance"
    xsi:schemaLocation="http://www.loc.gov/MARC21/slim http://www.loc.gov/standards/marcxml/schema/MARC21slim.xsd"
    xmlns="http://www.loc.gov/MARC21/slim">

  <leader>02279nam a2200277 u 4500</leader>
  <controlfield tag="001">39421</controlfield>
  <controlfield tag="005">20260428111419.0</controlfield>
  <controlfield tag="008">960313s1977                        spa  </controlfield>
  <datafield tag="035" ind1=" " ind2=" ">
    <subfield code="a">39421</subfield>
  </datafield>
  <datafield tag="035" ind1=" " ind2=" ">
    <subfield code="a">(OCoLC)778092470</subfield>
  </datafield>
  <datafield tag="041" ind1=" " ind2=" ">
    <subfield code="a">spa</subfield>
  </datafield>
  <datafield tag="082" ind1=" " ind2="4">
    <subfield code="a">326</subfield>
  </datafield>
  <datafield tag="100" ind1="1" ind2="0">
    <subfield code="a">Bowser, Frederick P.</subfield>
    <subfield code="4">aut</subfield>
    <subfield code="e">aut</subfield>
    <subfield code="9">313148</subfield>
  </datafield>
  <datafield tag="245" ind1="1" ind2="3">
    <subfield code="a">El esclavo africano en el Per&#xFA; colonial : 1524-1650</subfield>
  </datafield>
  <datafield tag="250" ind1=" " ind2=" ">
    <subfield code="a">1. ed.</subfield>
  </datafield>
  <datafield tag="260" ind1=" " ind2=" ">
    <subfield code="a">Medell&#xED;n :</subfield>
    <subfield code="b">Siglo XXI Editores,</subfield>
    <subfield code="c">1977.</subfield>
  </datafield>
  <datafield tag="300" ind1=" " ind2=" ">
    <subfield code="a">430 p&#xE1;ginas :</subfield>
    <subfield code="b">ilustraciones</subfield>
  </datafield>
  <datafield tag="490" ind1="0" ind2=" ">
    <subfield code="a">Am&#xE9;rica Nuestra ;</subfield>
    <subfield code="v">4</subfield>
  </datafield>
  <datafield tag="520" ind1="3" ind2=" ">
    <subfield code="a">Son poco conocidas las contribuciones vitalmente importantes de los negros africanos al desarrollo del Per&#xFA; colonial. Para ponerlas en claro, Frederick P. Bowser, ha realizado la investigaci&#xF3;n m&#xE1;s detenida hasta la fecha acerca de la esclavitud africana en Am&#xE9;rica Latina. Poco despu&#xE9;s de la conquista, los colonizadores espa&#xF1;oles descubrieron que la explotaci&#xF3;n de una comarca nueva, rica en plata, exig&#xED;a una fuerza de trabajo superior a la que pod&#xED;a suministrar la poblaci&#xF3;n nativa. El resultado fue que los esclavos africanos, hasta entonces poco m&#xE1;s que un lujo, se volvieron una necesidad para los amos de Per&#xFA;, al punto de casi alcanzar en n&#xFA;mero a la poblaci&#xF3;n blanca. La obra expone las complicaciones e iniquidades del tr&#xE1;fico de esclavos hacia la colonia, la parte del africano en la econom&#xED;a peruana, la vida diaria del negro, y lo que &#xE9;ste pod&#xED;a hacer para alg&#xFA;n provecho de su situaci&#xF3;n. Se describen en detalle los procedimientos usados para controlar a los esclavos, las campa&#xF1;as contra los negros pr&#xF3;fugos y los esfuerzos &#x2013; sobre todo de la iglesia- de estimular al africano a identificarse con la sociedad y valores de sus amos. El libro se cierra con un an&#xE1;lisis que muestra c&#xF3;mo a mediados del siglo XVII ya estaban fijadas, para el derecho y la opini&#xF3;n p&#xFA;blica, la condici&#xF3;n del negro y las actitudes que llevar&#xED;an a su asimilaci&#xF3;n para la sociedad peruana.</subfield>
  </datafield>
  <datafield tag="650" ind1=" " ind2=" ">
    <subfield code="a">Esclavitud en Per&#xFA; - Historia</subfield>
    <subfield code="9">209690</subfield>
  </datafield>
  <datafield tag="650" ind1=" " ind2=" ">
    <subfield code="a">Negros en Per&#xFA;</subfield>
    <subfield code="9">209691</subfield>
  </datafield>
  <datafield tag="650" ind1=" " ind2=" ">
    <subfield code="a">Negros - &#xC1;frica - Vida social y costumbres</subfield>
    <subfield code="9">47136</subfield>
  </datafield>
  <datafield tag="650" ind1=" " ind2=" ">
    <subfield code="a">Cimarrones</subfield>
    <subfield code="9">26895</subfield>
  </datafield>
  <datafield tag="700" ind1="1" ind2="0">
    <subfield code="a">Mastrangelo, Stella</subfield>
    <subfield code="4">trl</subfield>
    <subfield code="0">(isni)0000000112357080</subfield>
    <subfield code="0">(viaf)163691159</subfield>
    <subfield code="e">trl</subfield>
    <subfield code="9">797976</subfield>
  </datafield>
  <datafield tag="942" ind1=" " ind2=" ">
    <subfield code="c">BOOK</subfield>
  </datafield>
  <datafield tag="999" ind1=" " ind2=" ">
    <subfield code="c">16870</subfield>
    <subfield code="d">16870</subfield>
  </datafield>
  <datafield tag="952" ind1=" " ind2=" ">
    <subfield code="0">0</subfield>
    <subfield code="1">0</subfield>
    <subfield code="4">0</subfield>
    <subfield code="7">0</subfield>
    <subfield code="8">GEN</subfield>
    <subfield code="a">BC</subfield>
    <subfield code="b">BC</subfield>
    <subfield code="d">2014-02-03</subfield>
    <subfield code="e">Material adquirido por donaci&#xF3;n</subfield>
    <subfield code="i">C1196504</subfield>
    <subfield code="l">0</subfield>
    <subfield code="o">326.0985 B789e e2</subfield>
    <subfield code="p">0984471</subfield>
    <subfield code="r">2023-04-20 00:00:00</subfield>
    <subfield code="t">1</subfield>
    <subfield code="w">2023-04-20</subfield>
    <subfield code="y">BOOK</subfield>
  </datafield>
  <datafield tag="952" ind1=" " ind2=" ">
    <subfield code="0">0</subfield>
    <subfield code="1">0</subfield>
    <subfield code="4">0</subfield>
    <subfield code="7">0</subfield>
    <subfield code="8">GEN</subfield>
    <subfield code="a">BC</subfield>
    <subfield code="b">BC</subfield>
    <subfield code="d">1998-04-24</subfield>
    <subfield code="i">C66589</subfield>
    <subfield code="l">0</subfield>
    <subfield code="o">326.0985 B789e</subfield>
    <subfield code="p">61000002579080</subfield>
    <subfield code="r">2023-04-20 00:00:00</subfield>
    <subfield code="t">1</subfield>
    <subfield code="w">2023-04-20</subfield>
    <subfield code="y">BOOK</subfield>
  </datafield>
</record>
